[Event "HUN-chT2 Breyer 1415"]
[Site "Hungary"]
[Date "2015.02.08"]
[Round "?"]
[White "Nielsen, Daniel"]
[Black "Erdei, Lajos Jr"]
[Result "1-0"]
[WhiteElo "1688"]
[BlackElo "1904"]
[PlyCount "167"]
[EventDate "2014.09.07"]
[EventType "team-tourn"]
[EventRounds "11"]
[EventCountry "HUN"]
[SourceTitle "EXT 2016"]
[Source "ChessBase"]
[SourceDate "2015.10.08"]
[SourceVersion "1"]
[SourceVersionDate "2015.10.08"]
[SourceQuality "1"]
[WhiteTeam "Szechenyi"]
[BlackTeam "Gyor UDSE"]
[WhiteTeamCountry "HUN"]
[BlackTeamCountry "HUN"]

1. e4 d6 2. Nf3 Nf6 3. Nc3 g6 4. Bc4 Bg7 5. h3 0-0 6. 0-0 c6 7. d4 b5 8. Bd3 b4 9. Ne2 Qc7 10. a3 c5 11. c4 bxc3 12. bxc3 cxd4 13. cxd4 Bb7 14. Ng3 Nfd7 15. Be3 Nc6 16. Rb1 Rfb8 17. Qc2 Qc8 18. Rfc1 Nb6 19. Bb5 Nd8 20. Qb3 Qe6 21. d5 Nxd5 22. exd5 Bxd5 23. Qd1 Ba2 24. Rb4 a5 25. Re4 Qd5 26. Bc4 Qxd1+ 27. Rxd1 Bxc4 28. Rxc4 Rb3 29. Ra4 Ne6 30. Rd5 Bc3 31. Rd3 Rb1+ 32. Kh2 Bg7 33. Rd2 f5 34. Ne2 Rb7 35. Rd5 Rb2 36. Rd2 Rb7 37. Rc2 h6 38. Rac4 Rbb8 39. a4 Bf6 40. Nfd4 f4 41. Nxe6 fxe3 42. fxe3 d5 43. Rc5 Be5+ 44. Kg1 Bd6 45. Rxd5 Kf7 46. N6d4 Rb4 47. Ra2 Rb1+ 48. Kf2 Kg7 49. Nc6 Rf8+ 50. Nf4 g5 51. Nxa5 gxf4 52. e4 Bc7 53. Rb5 Rxb5 54. axb5 Bxa5 55. Rxa5 Rb8 56. Ke2 Kf7 57. Kd3 Kf6 58. Kd4 Rg8 59. Ra2 Ke6 60. b6 Kd6 61. e5+ Kc6 62. Rb2 Kb7 63. Kd5 Rg6 64. Ke4 Rc6 65. Kxf4 e6 66. Kg4 Rc5 67. Re2 Kxb6 68. Kh5 Kc6 69. Kxh6 Kd7 70. Kg6 Ke7 71. h4 Rc4 72. Kg5 Kf7 73. h5 Rc3 74. g4 Rf3 75. Re4 Kg7 76. h6+ Kh7 77. Rc4 Rf7 78. Rc6 Kg8 79. Rxe6 Rc7 80. Kf5 Kh8 81. g5 Kh7 82. Kf6 Rc8 83. Re7+ Kh8 84. g6 1-0

[Event "HUN-chT4a 1415"]
[Site "Hungary"]
[Date "2015.01.18"]
[Round "4.2"]
[White "Csuta, Akos Koppany"]
[Black "Erdei, Lajos Jr"]
[Result "1/2-1/2"]
[WhiteElo "1998"]
[BlackElo "1955"]
[PlyCount "42"]
[EventDate "2014.10.19"]
[EventType "team-tourn"]
[EventRounds "7"]
[EventCountry "HUN"]
[SourceTitle "EXT 2016"]
[Source "ChessBase"]
[SourceDate "2015.10.08"]
[SourceVersion "1"]
[SourceVersionDate "2015.10.08"]
[SourceQuality "1"]

1. e4 e6 2. d3 c5 3. Nf3 Nc6 4. g3 g6 5. Bg2 Bg7 6. 0-0 Nge7 7. c3 0-0 8. Be3 b6 9. Re1 Bb7 10. Nbd2 d5 11. Nf1 dxe4 12. dxe4 Qxd1 13. Raxd1 Rad8 14. Bf4 Rxd1 15. Rxd1 Rd8 16. Rxd8+ Nxd8 17. N1d2 f6 18. Bd6 Kf7 19. Bc7 Ke8 20. Bh3 e5 21. Nc4 Nf7 1/2-1/2

[Event "HUN-chT2 Breyer 1415"]
[Site "Hungary"]
[Date "2014.11.30"]
[Round "?"]
[White "Drexler, Mihaly"]
[Black "Erdei, Lajos Jr"]
[Result "1/2-1/2"]
[WhiteElo "1906"]
[BlackElo "1904"]
[PlyCount "95"]
[EventDate "2014.09.07"]
[EventType "team-tourn"]
[EventRounds "11"]
[EventCountry "HUN"]
[SourceTitle "EXT 2016"]
[Source "ChessBase"]
[SourceDate "2015.10.08"]
[SourceVersion "1"]
[SourceVersionDate "2015.10.08"]
[SourceQuality "1"]
[WhiteTeam "Nyergesujfalu"]
[BlackTeam "Gyor UDSE"]
[WhiteTeamCountry "HUN"]
[BlackTeamCountry "HUN"]

1. e4 c6 2. d4 d6 3. Nf3 Nf6 4. Nc3 g6 5. Be2 Bg7 6. 0-0 0-0 7. h3 b5 8. a3 Nbd7 9. Be3 a6 10. Qd2 Bb7 11. Rad1 c5 12. e5 Ne4 13. Nxe4 Bxe4 14. dxc5 Nxe5 15. Ng5 Bb7 16. cxd6 h6 17. dxe7 Qxe7 18. Nf3 Nxf3+ 19. Bxf3 Bxf3 20. gxf3 Qh4 21. Kh2 Bxb2 22. Bxh6 Rfd8 23. Qe3 Re8 24. Qg5 Qxg5 25. Bxg5 Bxa3 26. Rd7 Bb2 27. Rfd1 Bc3 28. f4 a5 29. f5 gxf5 30. Rg1 Kh8 31. Rxf7 Rf8 32. Rb7 Rab8 33. Rd7 Rg8 34. f4 b4 35. Rgd1 Rg7 36. R7d6 a4 37. Rc6 Kg8 38. Rdd6 Rxg5 39. Rxc3 bxc3 40. fxg5 Rb2 41. Ra6 Rxc2+ 42. Kg3 Ra2 43. h4 a3 44. Kf4 Rf2+ 45. Ke5 c2 46. Kf6 Rg2 47. Ra8+ Kh7 48. Ra7+ 1/2-1/2

[Event "HUN-chT2 Breyer 1415"]
[Site "Hungary"]
[Date "2014.09.21"]
[Round "2.5"]
[White "Csolig, Robert"]
[Black "Erdei, Lajos Jr"]
[Result "0-1"]
[WhiteElo "2081"]
[BlackElo "1904"]
[PlyCount "80"]
[EventDate "2014.09.07"]
[EventType "team-tourn"]
[EventRounds "11"]
[EventCountry "HUN"]
[SourceTitle "EXT 2016"]
[Source "ChessBase"]
[SourceDate "2015.10.08"]
[SourceVersion "1"]
[SourceVersionDate "2015.10.08"]
[SourceQuality "1"]
[WhiteTeam "Geniusz Tata"]
[BlackTeam "Gyor UDSE"]
[WhiteTeamCountry "HUN"]
[BlackTeamCountry "HUN"]

1. d4 Nf6 2. c4 g6 3. f3 Bg7 4. e4 d6 5. Nc3 0-0 6. Be3 e5 7. Nge2 Nc6 8. d5 Ne7 9. Qd2 Ne8 10. 0-0-0 f5 11. Kb1 Nf6 12. h3 a6 13. c5 b5 14. cxb6 cxb6 15. Nc1 b5 16. Bd3 Bd7 17. g4 f4 18. Bf2 b4 19. N3e2 a5 20. Qe1 Qb8 21. Nb3 Bb5 22. Nec1 Rc8 23. Qe2 Ba4 24. Rdg1 Nd7 25. g5 Nb6 26. h4 Be8 27. Nd2 Na4 28. Ka1 Rc7 29. Nc4 Nxd5 30. Nxd6 Ndb6 31. Nxe8 Qxe8 32. Nb3 Bf8 33. h5 Nc5 34. Nxc5 Bxc5 35. hxg6 hxg6 36. Bc4+ Kg7 37. Bxc5 Rxc5 38. Bd3 Rac8 39. Qg2 Qd7 40. Rd1 Qxd3 0-1

[Event "HUN-chT2 Breyer 1415"]
[Site "Hungary"]
[Date "2014.09.07"]
[Round "?"]
[White "Erdei, Lajos Jr"]
[Black "Feher, Attila"]
[Result "1/2-1/2"]
[WhiteElo "1904"]
[BlackElo "2107"]
[PlyCount "39"]
[EventDate "2014.09.07"]
[EventType "team-tourn"]
[EventRounds "11"]
[EventCountry "HUN"]
[SourceTitle "EXT 2016"]
[Source "ChessBase"]
[SourceDate "2015.10.08"]
[SourceVersion "1"]
[SourceVersionDate "2015.10.08"]
[SourceQuality "1"]
[WhiteTeam "Gyor UDSE"]
[BlackTeam "Torokbalint"]
[WhiteTeamCountry "HUN"]
[BlackTeamCountry "HUN"]

1. e4 d5 2. exd5 Qxd5 3. Nc3 Qa5 4. d4 Nf6 5. Bd2 c6 6. Bd3 Bg4 7. Nf3 Nbd7 8. 0-0 e6 9. Re1 Bb4 10. h3 Bh5 11. Be2 0-0-0 12. a3 Bxc3 13. Bxc3 Qc7 14. b4 Nd5 15. Bd2 Nf4 16. Bf1 Rhe8 17. g3 e5 18. g4 Bg6 19. Bxf4 exf4 20. c3 1/2-1/2

[Event "Level op 2nd"]
[Site "Level"]
[Date "2014.03.30"]
[Round "6"]
[White "Erdei, Lajos Jr"]
[Black "Teglas, Balazs"]
[Result "0-1"]
[WhiteElo "1894"]
[BlackElo "2185"]
[PlyCount "58"]
[EventDate "2014.03.28"]
[EventType "swiss"]
[EventRounds "7"]
[EventCountry "HUN"]
[SourceTitle "EXT 2020"]
[Source "ChessBase"]
[SourceDate "2019.10.17"]
[SourceVersion "1"]
[SourceVersionDate "2019.10.17"]
[SourceQuality "1"]

1. e4 c5 2. Nc3 Nc6 3. Bb5 Nd4 4. Bc4 e6 5. Nf3 Ne7 6. Nxd4 cxd4 7. Ne2 Nc6 8. a3 Be7 9. d3 0-0 10. 0-0 Rb8 11. c3 b5 12. Ba2 dxc3 13. bxc3 d6 14. d4 Na5 15. Rb1 Bd7 16. f4 Rc8 17. Qe1 Nc4 18. Bxc4 Rxc4 19. Qg3 f5 20. exf5 exf5 21. Qf3 Qe8 22. Re1 Qf7 23. d5 Re4 24. Bb2 Qxd5 25. c4 bxc4 26. Qg3 Bf6 27. Bxf6 Rxf6 28. Qg5 Rg6 29. Rbd1 Qc5+ 0-1

[Event "Level op 2nd"]
[Site "Level"]
[Date "2014.03.30"]
[Round "7"]
[White "Nagy, Tamas"]
[Black "Erdei, Lajos Jr"]
[Result "1-0"]
[WhiteElo "1737"]
[BlackElo "1894"]
[PlyCount "89"]
[EventDate "2014.03.28"]
[EventType "swiss"]
[EventRounds "7"]
[EventCountry "HUN"]
[SourceTitle "EXT 2020"]
[Source "ChessBase"]
[SourceDate "2019.10.17"]
[SourceVersion "1"]
[SourceVersionDate "2019.10.17"]
[SourceQuality "1"]

1. e4 d6 2. d4 Nf6 3. Nc3 g6 4. Bg5 Bg7 5. Nf3 c5 6. Qd2 Qa5 7. Bc4 cxd4 8. Qxd4 0-0 9. Qd2 Nc6 10. Bb3 h6 11. Bxh6 Nxe4 12. Nxe4 Bxh6 13. Qxa5 Nxa5 14. 0-0 Nxb3 15. axb3 Bf5 16. Rfe1 Bg7 17. c3 a5 18. Ng3 Be6 19. Ra3 Rfe8 20. Rea1 Ra6 21. Rxa5 Rea8 22. b4 Bc4 23. Ne4 Rxa5 24. Rxa5 Rxa5 25. bxa5 Kf8 26. Nfd2 Bd3 27. f3 Bh6 28. Nb3 Be3+ 29. Nf2 Ke8 30. g3 Kd7 31. Kg2 Bc4 32. Nd1 Bg5 33. Nd4 e5 34. Nc2 Bb3 35. Nde3 Kc6 36. Nb4+ Kb5 37. Ned5 Kxa5 38. f4 exf4 39. Nxf4 Ka4 40. Kf3 Bd1+ 41. Ke3 Kb3 42. Kd2 Bg4 43. Kc1 Bf5 44. Nbd5 Be4 45. Ne3 1-0

[Event "HUN-chT4a 1314"]
[Site "Hungary"]
[Date "2014.01.11"]
[Round "5.2"]
[White "Bodor, Gergely"]
[Black "Erdei, Lajos Jr"]
[Result "0-1"]
[WhiteElo "1790"]
[BlackElo "1891"]
[PlyCount "88"]
[EventDate "2013.09.28"]
[EventType "team-tourn"]
[EventRounds "9"]
[EventCountry "HUN"]
[SourceTitle "EXT 2016"]
[Source "ChessBase"]
[SourceDate "2015.10.08"]
[SourceVersion "1"]
[SourceVersionDate "2015.10.08"]
[SourceQuality "1"]

1. e4 d6 2. d4 Nf6 3. Nc3 g6 4. Bc4 c6 5. Qe2 Bg7 6. e5 dxe5 7. dxe5 Nd5 8. Qf3 e6 9. Bf4 Nd7 10. Qe4 Nxf4 11. Qxf4 Bxe5 12. Qe3 Qf6 13. Ne4 Qf4 14. Qd3 Nf6 15. Nxf6+ Qxf6 16. c3 0-0 17. Nf3 Rd8 18. Qc2 b5 19. Be2 Bc7 20. 0-0 Bb7 21. a4 a6 22. Rfd1 Rxd1+ 23. Rxd1 Rd8 24. Qe4 Rxd1+ 25. Bxd1 Qf4 26. Qd3 Qd6 27. Qxd6 Bxd6 28. Bc2 c5 29. Ng5 Bf4 30. Ne4 Bxe4 31. Bxe4 bxa4 32. Bc2 Bc1 33. Bxa4 Bxb2 34. c4 Kg7 35. Kf1 e5 36. Ke2 f5 37. f3 Kf6 38. g3 e4 39. Bc6 Ke5 40. Bb7 exf3+ 41. Kxf3 a5 42. Bc6 Kd4 43. Bb5 Kc3 44. Ke3 Kb3 0-1

[Event "HUN-chT4 1314"]
[Site "Hungary"]
[Date "2013.11.10"]
[Round "3.2"]
[White "Erdei, Lajos Jr"]
[Black "Toth, Laszlo"]
[Result "1-0"]
[WhiteElo "1870"]
[BlackElo "1793"]
[PlyCount "87"]
[EventDate "2013.10.13"]
[EventType "team-tourn"]
[EventRounds "11"]
[EventCountry "HUN"]
[SourceTitle "EXT 2016"]
[Source "ChessBase"]
[SourceDate "2015.10.08"]
[SourceVersion "1"]
[SourceVersionDate "2015.10.08"]
[SourceQuality "1"]

1. e4 c5 2. Nc3 Nc6 3. Bb5 Nd4 4. Bc4 e6 5. Nf3 a6 6. Nxd4 cxd4 7. Ne2 b5 8. Bb3 Qb6 9. d3 Bb7 10. 0-0 Be7 11. f4 Nf6 12. h3 a5 13. a4 Nxe4 14. dxe4 d3+ 15. Kh1 dxe2 16. Qxe2 bxa4 17. Bxa4 0-0 18. Rd1 d6 19. Be3 Qc7 20. Bd4 Rfc8 21. Bc3 Qc4 22. Qg4 Bf8 23. Rd4 Qc7 24. Bb3 Qe7 25. Rxa5 Rxa5 26. Bxa5 e5 27. fxe5 Qxe5 28. Bc3 Ra8 29. Ra4 Qe8 30. Rxa8 Bxa8 31. Bd5 Bxd5 32. exd5 Qb5 33. Qf5 Qe2 34. Kg1 h6 35. Qd3 Qe7 36. Bd4 Qe1+ 37. Kh2 Qa5 38. c4 Qd8 39. b4 Qg5 40. Qe3 Qd8 41. b5 Be7 42. Qa3 Qc8 43. Qd3 Bd8 44. b6 1-0